| 000 | 00000nam##2200000za#4500 |
| 001 | 9.638561 |
| 003 | CaOODSP |
| 005 | 20210624221735 |
| 007 | cr ||||||||||| |
| 008 | 150407|1987||||xxc|||||o f|0| 0 fre|d |
| 040 | |aCaOODSP|bfre |
| 043 | |an-cn--- |
| 086 | 1 |aJS42-33/1987F-PDF |
| 110 | 1 |aCanada. |bSolliciteur général Canada. |
| 245 | 10|aDes ressources humaines et un processus en transition : |h[ressource électronique]|brapport du Groupe consultatif indépendant au Solliciteur général sur le Service canadien du renseignement de sécurité |
| 260 | |aOttawa - Ontario : |bSolliciteur général Canada |cc1987. |
| 300 | |a56p. |
| 500 | |aLe n° de catalogue (JS42-33/1987) etl'ISBN (0-662-55530-9) de l'édition imprimée bilingue ont été incorrectement copiés dans l'édition pdf. |
| 590 | |a11-05-Supp|b2011-03-15 |
| 775 | 08|tPeople and process in transition : |w(CaOODSP)9.694383 |
| 856 | 40|ahttp://publications.gc.ca|qPDF|s2501 Ko|uhttps://publications.gc.ca/collections/collection_2011/sp-ps/JS42-33-1987-fra.pdf |